[Event "Sonderjysk EMT Basis 2 2012"]
[Site "Sonderborg"]
[Date "2012.01.17"]
[Round "1"]
[White "Helms, Morten"]
[Black "Pedersen, Michael"]
[Result "1-0"]
[WhiteElo "1454"]
[BlackElo "1259"]
[PlyCount "39"]
[EventDate "2012.??.??"]

1. e4 c5 2. Nf3 Nc6 3. d4 cxd4 4. Nxd4 Nf6 5. Nc3 e6 6. a3 a6 7. Bg5 Be7 8. Be3
Ne5 9. Be2 Qc7 10. O-O b5 11. Qd2 Neg4 12. Bxg4 Nxg4 13. Bf4 e5 14. Nd5 Qd6 15.
Nf5 Qb8 16. Bg3 Bf6 17. h3 h5 18. Qb4 Bb7 19. Nxf6+ Nxf6 20. Qe7# 1-0

[Event "Sonderjysk EMT Basis 2 2012"]
[Site "Sonderborg"]
[Date "2012.01.24"]
[Round "1"]
[White "Jensen, Scot Wolfgang"]
[Black "Toft, Bjarne Christian"]
[Result "1-0"]
[WhiteElo "1436"]
[BlackElo "1002"]
[PlyCount "92"]
[EventDate "2012.??.??"]

1. e4 e5 2. Nc3 Nf6 3. Bc4 Be7 4. Nf3 Nc6 5. Ng5 O-O 6. d3 h6 7. Nf3 a6 8. a3
b5 9. Ba2 Nd4 10. Nxd4 exd4 11. Ne2 c5 12. Nf4 Kh8 13. Nh5 d6 14. Nxf6 Bxf6 15.
Qh5 Be6 16. Bb1 Qd7 17. h3 Kh7 18. f4 g6 19. Qf3 Qe7 20. g4 Bh4+ 21. Ke2 Kg7
22. f5 Bd7 23. Ba2 Qe5 24. Bf4 Qe8 25. Bxd6 Be7 26. Bg3 g5 27. h4 Bc6 28. hxg5
Bxg5 29. Bh4 f6 30. Bg3 Ra7 31. Bd6 Rff7 32. Bxc5 Rad7 33. Bxf7 Kxf7 34. Bb4
Qc8 35. Bd2 Ba8 36. Rac1 Rc7 37. Kd1 a5 38. Bxg5 fxg5 39. Rxh6 Kg7 40. Qh3 Rf7
41. Rh7+ Kf6 42. Qh6+ Ke7 43. Qxg5+ Ke8 44. Rh8+ Rf8 45. Qg6+ Ke7 46. Qg7+ Kd6
1-0

[Event "Sonderjysk EMT Basis 2 2012"]
[Site "Sonderborg"]
[Date "2012.01.17"]
[Round "1"]
[White "Jessen, Morten"]
[Black "Petersen, Arne"]
[Result "1/2-1/2"]
[WhiteElo "1277"]
[BlackElo "1206"]
[PlyCount "95"]
[EventDate "2012.??.??"]

1. d4 Nf6 2. c4 g6 3. Nf3 Bg7 4. Nc3 O-O 5. g3 b6 6. Bg2 Bb7 7. O-O d5 8. cxd5
Nxd5 9. Re1 Re8 10. e4 Nxc3 11. bxc3 e5 12. d5 Nd7 13. Qb3 Bf8 14. Bh3 Nc5 15.
Qc2 Ba6 16. Rd1 Bd6 17. Bh6 Bc8 18. Bf1 Qe7 19. Bg5 Qf8 20. Bf6 Bg4 21. Bg2 Nd7
22. Bg5 h6 23. Be3 g5 24. Re1 Bh5 25. Qd2 f6 26. Nxg5 hxg5 27. Bxg5 Bg6 28. Bh6
Qf7 29. h4 Qh7 30. g4 Rad8 31. Bh3 Bxe4 32. g5 Bg6 33. Re3 f5 34. Qe2 Re7 35.
h5 Rde8 36. hxg6 Qxg6 37. Qc2 Rf7 38. Rae1 Bc5 39. Rg3 e4 40. Kf1 Nf8 41. f4
Bd6 42. Qd2 Rfe7 43. c4 e3 44. Qd4 Re4 45. Qf6 Rxf4+ 46. Kg1 a6 47. Qxg6+ Nxg6
48. Rgxe3 1/2-1/2

[Event "Sonderjysk EMT Basis 2 2012"]
[Site "Sonderborg"]
[Date "2012.01.31"]
[Round "2"]
[White "Helms, Morten"]
[Black "Jessen, Morten"]
[Result "1/2-1/2"]
[WhiteElo "1454"]
[BlackElo "1277"]
[PlyCount "55"]
[EventDate "2012.??.??"]

1. e4 c5 2. Nf3 d6 3. d4 cxd4 4. Nxd4 Nf6 5. Nc3 a6 6. Be2 e5 7. Nf3 Be7 8. h3
Nc6 9. Be3 O-O 10. O-O Qc7 11. Rc1 b5 12. a3 Bb7 13. Nd5 Nxd5 14. exd5 Nb8 15.
c4 bxc4 16. Bxc4 Qd8 17. Qb3 Bc8 18. Bb6 Qe8 19. Qb4 Nd7 20. Be3 Rb8 21. Qc3 f5
22. b4 f4 23. Bd2 Bf6 24. Qc2 Nb6 25. Ba2 Bb7 26. Bb1 g6 27. Rfe1 Qd8 28. Ba2
1/2-1/2

[Event "Sonderjysk EMT Basis 2 2012"]
[Site "Sonderborg"]
[Date "2012.01.31"]
[Round "2"]
[White "Pedersen, Michael"]
[Black "Clausen, Susan"]
[Result "0-1"]
[WhiteElo "1259"]
[BlackElo "1448"]
[PlyCount "54"]
[EventDate "2012.??.??"]

1. e4 d6 2. f4 Nc6 3. Nf3 e5 4. f5 Nf6 5. d3 d5 6. Be2 dxe4 7. dxe4 Qxd1+ 8.
Bxd1 Bc5 9. Nc3 a6 10. a3 Bd7 11. b4 Ba7 12. b5 axb5 13. Nxb5 Bb6 14. Bb2 O-O
15. Nxe5 Nxe5 16. Bxe5 Bxb5 17. Bxf6 gxf6 18. Bf3 Bc6 19. O-O-O Rxa3 20. h4 Re8
21. Rhe1 Bf2 22. Rh1 Bg3 23. h5 Ra4 24. Rd3 Ra1+ 25. Kd2 Rxh1 26. Bg4 Bf4+ 27.
Kc3 Bxe4 0-1

[Event "Sonderjysk EMT Basis 2 2012"]
[Site "Sonderborg"]
[Date "2012.01.31"]
[Round "2"]
[White "Petersen, Arne"]
[Black "Jensen, Scot Wolfgang"]
[Result "0-1"]
[WhiteElo "1206"]
[BlackElo "1436"]
[PlyCount "64"]
[EventDate "2012.??.??"]

1. d4 d5 2. c4 Nc6 3. Nc3 dxc4 4. Nf3 Bg4 5. e3 e6 6. Bxc4 a6 7. O-O Nf6 8. Be2
Qd6 9. e4 Bxf3 10. Bxf3 Qxd4 11. Be3 Qxd1 12. Rfxd1 e5 13. Rd2 Bd6 14. Rad1
O-O-O 15. Be2 Bb4 16. Rxd8+ Rxd8 17. Rxd8+ Nxd8 18. Nd5 Nxd5 19. exd5 f5 20. f4
e4 21. Bd4 g6 22. g4 Nf7 23. a3 Bd2 24. Be5 Kd7 25. h4 Nh6 26. g5 Nf7 27. h5
Bc1 28. a4 Nxe5 29. fxe5 Bxb2 30. d6 Ke6 31. hxg6 hxg6 32. Kg2 Bc1 0-1

[Event "Sonderjysk EMT Basis 2 2012"]
[Site "Sonderborg"]
[Date "2012.01.31"]
[Round "2"]
[White "Toft, Bjarne Christian"]
[Black "Kristensen, Karl Martin"]
[Result "0-1"]
[WhiteElo "1002"]
[BlackElo "1425"]
[PlyCount "72"]
[EventDate "2012.??.??"]

1. d4 d6 2. Nf3 g6 3. Nc3 Bg7 4. e3 a6 5. g3 Nc6 6. Bc4 h6 7. O-O e5 8. d5 Nce7
9. e4 f5 10. Re1 Nf6 11. b4 O-O 12. h4 b6 13. Re2 g5 14. b5 a5 15. Bd3 f4 16.
Ne1 Ng6 17. f3 Bh3 18. g4 Kf7 19. Rd2 h5 20. Be2 Rh8 21. Bf1 hxg4 22. Bxh3 gxh3
23. Ne2 Rxh4 24. Kh1 Qd7 25. Ng1 g4 26. Nd3 Bh6 27. Nf2 Rg8 28. fxg4 Nxg4 29.
Nxg4 Rxg4 30. Nf3 Nh4 31. Rf2 Rg2 32. Rf1 Qg4 33. Nxh4 Qxh4 34. Bd2 Ke7 35. Qf3
Rxd2 36. Rg1 Rdg2 0-1

[Event "Sonderjysk EMT Basis 2 2012"]
[Site "Sonderborg"]
[Date "2012.02.07"]
[Round "3"]
[White "Clausen, Susan"]
[Black "Toft, Bjarne Christian"]
[Result "1-0"]
[WhiteElo "1448"]
[BlackElo "1002"]
[PlyCount "27"]
[EventDate "2012.??.??"]

1. d4 d5 2. Nf3 c6 3. b3 Nf6 4. Nbd2 e6 5. a3 Bd6 6. e3 O-O 7. c3 Nbd7 8. Bd3
c5 9. O-O a6 10. e4 Be7 11. Qc2 g6 12. c4 b5 13. cxb5 Bd6 14. e5 1-0

[Event "Sonderjysk EMT Basis 2 2012"]
[Site "Sonderborg"]
[Date "2012.02.07"]
[Round "3"]
[White "Jessen, Morten"]
[Black "Pedersen, Michael"]
[Result "1/2-1/2"]
[WhiteElo "1277"]
[BlackElo "1259"]
[PlyCount "66"]
[EventDate "2012.??.??"]

1. d4 g6 2. Nf3 Bg7 3. c4 Nf6 4. Nc3 d6 5. Bg5 b6 6. e3 O-O 7. Bd3 Nc6 8. O-O
Re8 9. a3 e5 10. d5 Ne7 11. e4 h6 12. Bd2 Nh5 13. Qc1 Kh7 14. h3 Nf4 15. Bxf4
exf4 16. Qxf4 g5 17. Qd2 Ng6 18. Ne2 Ne5 19. Nxe5 Bxe5 20. f4 gxf4 21. Nxf4 Qg5
22. Rad1 Rg8 23. Kh1 Bd7 24. Rf3 Raf8 25. Qf2 Rg7 26. Rd2 Rfg8 27. Bf1 Re8 28.
Re2 c6 29. b4 c5 30. b5 Bd4 31. Qe1 Be5 32. Qf2 Qh4 33. Nd3 Bd4 1/2-1/2

[Event "Sonderjysk EMT Basis 2 2012"]
[Site "Sonderborg"]
[Date "2012.02.21"]
[Round "4"]
[White "Helms, Morten"]
[Black "Kristensen, Karl Martin"]
[Result "1/2-1/2"]
[WhiteElo "1454"]
[BlackElo "1425"]
[PlyCount "79"]
[EventDate "2012.??.??"]

1. e4 e5 2. Nf3 d6 3. d4 exd4 4. Nxd4 a6 5. Nc3 g6 6. Be3 Bg7 7. Qd2 h5 8. Be2
Qe7 9. Nd5 Qd8 10. Bg5 f6 11. Be3 Ne7 12. Nf4 Kf7 13. Bc4+ d5 14. Nxd5 Nxd5 15.
Bxd5+ Ke8 16. O-O-O Rh7 17. Kb1 Bf8 18. Qc3 Bd6 19. Qb3 c6 20. Bf7+ Rxf7 21.
Ne6 Qe7 22. Nf4 Bxf4 23. Bxf4 Qe6 24. Qg3 g5 25. Bxb8 Rd7 26. Rxd7 Qxd7 27. Bd6
Kf7 28. Rd1 Qg4 29. Qxg4 Bxg4 30. f3 Be6 31. b3 Rd8 32. Kc1 Rd7 33. Bc5 Rxd1+
34. Kxd1 b5 35. Bb4 Bd7 36. Kd2 Ke6 37. Ke3 f5 38. exf5+ Kxf5 39. g3 Ke5 40. c3
1/2-1/2

[Event "Sonderjysk EMT Basis 2 2012"]
[Site "Sonderborg"]
[Date "2012.02.21"]
[Round "4"]
[White "Jessen, Morten"]
[Black "Jensen, Scot Wolfgang"]
[Result "0-1"]
[WhiteElo "1277"]
[BlackElo "1436"]
[PlyCount "115"]
[EventDate "2012.??.??"]

1. c4 Nc6 2. Nc3 e5 3. d3 Bb4 4. Bd2 h6 5. Nf3 d6 6. g3 a5 7. a3 Bc5 8. Bg2 Nf6
9. O-O Bd7 10. Qe1 a4 11. Rb1 Qc8 12. e3 Ne7 13. Qd1 h5 14. Re1 Bb6 15. e4 Bh3
16. Nxa4 Bxg2 17. Kxg2 Ba7 18. Nc3 c6 19. Be3 b6 20. Na4 Rb8 21. b4 Ng6 22. Nc3
h4 23. Rh1 Qg4 24. Nd2 h3+ 25. Kf1 Qc8 26. b5 c5 27. Ne2 Rb7 28. f4 Ng4 29. Bf2
f5 30. Ke1 exf4 31. gxf4 Re7 32. Qc1 Rf8 33. Bg3 Qb7 34. Qc3 Nf6 35. Kd1 fxe4
36. Kc2 e3 37. Nb3 Qf3 38. Rbe1 Ng4 39. Rhf1 Qg2 40. Rg1 Qf3 41. Rgf1 Qb7 42.
a4 d5 43. a5 d4 44. Qb2 Qa8 45. axb6 Bxb6 46. Ra1 Ra7 47. Rxa7 Qxa7 48. Ra1 Qb7
49. Qc1 Ke7 50. Qf1 Ra8 51. Rxa8 Qxa8 52. Kb2 Qg2 53. Qxg2 hxg2 54. Nbc1 Nf2
55. Kc2 Nh3 56. Kd1 g1=Q+ 57. Nxg1 Nxg1 58. Ke1 0-1

[Event "Sonderjysk EMT Basis 2 2012"]
[Site "Sonderborg"]
[Date "2012.02.21"]
[Round "4"]
[White "Pedersen, Michael"]
[Black "Toft, Bjarne Christian"]
[Result "1-0"]
[WhiteElo "1259"]
[BlackElo "1002"]
[PlyCount "25"]
[EventDate "2012.??.??"]

1. e4 e5 2. Nf3 Nc6 3. d4 d6 4. d5 Nce7 5. c4 c6 6. Bd3 Nf6 7. Bg5 h6 8. Bxf6
gxf6 9. O-O h5 10. Nh4 Bh6 11. Qxh5 Qb6 12. b3 Bg7 13. Qf3 1-0

[Event "Sonderjysk EMT Basis 2 2012"]
[Site "Sonderborg"]
[Date "2012.03.06"]
[Round "5"]
[White "Clausen, Susan"]
[Black "Helms, Morten"]
[Result "0-1"]
[WhiteElo "1448"]
[BlackElo "1454"]
[PlyCount "70"]
[EventDate "2012.??.??"]

1. d4 e6 2. Nf3 d5 3. Bf4 Nc6 4. e3 Bd6 5. Ne5 Nxe5 6. dxe5 Bc5 7. c3 Ne7 8.
Nd2 Ng6 9. Bg3 a5 10. Nf3 Bd7 11. Be2 Be7 12. Qc2 f5 13. h4 c6 14. h5 Nf8 15.
a3 Qb6 16. Bf4 O-O-O 17. O-O Be8 18. Nd2 g5 19. hxg6 hxg6 20. Nf3 Qc7 21. b4 g5
22. Bg3 Ng6 23. Nd4 Bf7 24. f4 gxf4 25. exf4 Rdg8 26. c4 Nxe5 27. Qc3 Nxc4 28.
Bxc4 dxc4 29. Bh2 c5 30. Nb5 Qb6 31. Qxc4 Rh7 32. g3 Kb8 33. bxa5 Qxa5 34. Rf2
Qb6 35. Rb1 Qc6 0-1

[Event "Sonderjysk EMT Basis 2 2012"]
[Site "Sonderborg"]
[Date "2012.03.06"]
[Round "5"]
[White "Jensen, Scot Wolfgang"]
[Black "Pedersen, Michael"]
[Result "1-0"]
[WhiteElo "1436"]
[BlackElo "1259"]
[PlyCount "90"]
[EventDate "2012.??.??"]

1. e4 e5 2. Nc3 Nf6 3. Nf3 d6 4. h3 a6 5. d4 exd4 6. Nxd4 Be7 7. Bc4 O-O 8. Be3
c5 9. Nf3 b5 10. Bd5 Nxd5 11. Nxd5 Bb7 12. Qd2 Nd7 13. Bf4 Re8 14. O-O-O Rc8
15. Rhe1 Rc6 16. Nxe7+ Rxe7 17. Bxd6 Re8 18. Bf4 Bc8 19. Qd5 Rb6 20. Bg5 Qc7
21. g3 Kh8 22. Qxf7 Rf8 23. Qb3 c4 24. Qe3 b4 25. Bf4 Qc6 26. Nd4 Qa4 27. a3
Nb8 28. Kd2 Bxh3 29. Rh1 Bd7 30. e5 Qa5 31. Ke2 Nc6 32. Qe4 Nxd4+ 33. Qxd4 Rb7
34. Qe4 Bf5 35. Qxb7 Bxc2 36. Qxb4 Bd3+ 37. Ke1 Qd8 38. Qc3 Qd5 39. Rh2 Rb8 40.
Be3 Rb3 41. Qd4 Qa5+ 42. Bd2 Qc7 43. Bc3 Rb8 44. Kd2 Rd8 45. Qh4 Qd7 1-0

[Event "Sonderjysk EMT Basis 2 2012"]
[Site "Sonderborg"]
[Date "2012.03.06"]
[Round "5"]
[White "Kristensen, Karl Martin"]
[Black "Jessen, Morten"]
[Result "1/2-1/2"]
[WhiteElo "1425"]
[BlackElo "1277"]
[PlyCount "39"]
[EventDate "2012.??.??"]

1. c4 c5 2. Nc3 Nf6 3. e4 d6 4. d3 g6 5. h3 Bg7 6. Be3 O-O 7. Be2 Nc6 8. f4 e6
9. g4 Ne7 10. g5 Nd7 11. h4 b6 12. h5 Bb7 13. d4 cxd4 14. Bxd4 e5 15. Be3 Nc5
16. Nd5 Nxe4 17. Qc2 Ng3 18. Bf3 Nxh1 19. Bxh1 Nxd5 20. cxd5 1/2-1/2

[Event "Sonderjysk EMT Basis 2 2012"]
[Site "Sonderborg"]
[Date "2012.03.13"]
[Round "6"]
[White "Helms, Morten"]
[Black "Toft, Bjarne Christian"]
[Result "1-0"]
[WhiteElo "1454"]
[BlackElo "1002"]
[PlyCount "53"]
[EventDate "2012.??.??"]

1. e4 e5 2. Nf3 Nc6 3. d4 d6 4. Nc3 Nf6 5. dxe5 dxe5 6. Qxd8+ Nxd8 7. Nxe5 g6
8. h3 Bd7 9. Bd3 Bg7 10. Nf3 O-O 11. O-O c5 12. Be3 b6 13. Rad1 Be6 14. Rfe1
Nc6 15. a3 Nd7 16. Bb5 Nce5 17. Ng5 h6 18. Nxe6 fxe6 19. f4 a6 20. Bxd7 Nxd7
21. Rxd7 Rad8 22. Red1 Rde8 23. e5 Rf7 24. Ne4 Ref8 25. Rxf7 Rxf7 26. Rd6 Bf8
27. Rxe6 1-0

[Event "Sonderjysk EMT Basis 2 2012"]
[Site "Sonderborg"]
[Date "2012.03.13"]
[Round "6"]
[White "Jensen, Scot Wolfgang"]
[Black "Kristensen, Karl Martin"]
[Result "1-0"]
[WhiteElo "1436"]
[BlackElo "1425"]
[PlyCount "67"]
[EventDate "2012.??.??"]

1. e4 e5 2. Nc3 Nf6 3. Nf3 Nc6 4. Bc4 h6 5. d4 exd4 6. Nxd4 Ne5 7. Bb3 d6 8. h3
g6 9. f4 Nc6 10. Be3 Nxd4 11. Bxd4 c5 12. Bf2 Be6 13. O-O Be7 14. e5 Nh5 15.
Ba4+ Kf8 16. Qf3 Bc4 17. Rfe1 Qc7 18. g4 Ng7 19. b3 Be6 20. Rad1 a6 21. Nd5
Bxd5 22. Qxd5 Rd8 23. exd6 Bxd6 24. b4 Ne6 25. Qf3 b5 26. bxc5 Bxc5 27. Rxd8+
Nxd8 28. Bb3 Kg7 29. Qc3+ Kh7 30. Qxc5 Qxf4 31. Qe7 Rg8 32. Re3 Kh8 33. Bg3 Qd4
34. Be5+ 1-0

[Event "Sonderjysk EMT Basis 2 2012"]
[Site "Sonderborg"]
[Date "2012.03.13"]
[Round "6"]
[White "Jessen, Morten"]
[Black "Clausen, Susan"]
[Result "1-0"]
[WhiteElo "1277"]
[BlackElo "1448"]
[PlyCount "51"]
[EventDate "2012.??.??"]

1. c4 Nf6 2. Nc3 d5 3. cxd5 Nxd5 4. g3 c6 5. Bg2 Nxc3 6. bxc3 Bf5 7. Nf3 e6 8.
Nh4 Qf6 9. Nxf5 Qxf5 10. O-O Be7 11. Qb3 b5 12. a4 O-O 13. axb5 Nd7 14. Bxc6
Nc5 15. Qb4 a5 16. bxa6 Rac8 17. Bg2 Rb8 18. Bb7 Qf6 19. Qb6 e5 20. Qxf6 Bxf6
21. Bd5 Rfd8 22. a7 Ra8 23. Bxa8 Rxa8 24. Rb1 Na6 25. Rb7 g6 26. Bb2 1-0

[Event "Sonderjysk EMT Basis 2 2012"]
[Site "Sonderborg"]
[Date "2012.03.13"]
[Round "6"]
[White "Pedersen, Michael"]
[Black "Petersen, Arne"]
[Result "1-0"]
[WhiteElo "1259"]
[BlackElo "1206"]
[PlyCount "95"]
[EventDate "2012.??.??"]

1. e4 e6 2. d4 d5 3. e5 c5 4. c3 cxd4 5. cxd4 Nc6 6. a3 a6 7. Nf3 Nge7 8. Bg5
Qb6 9. b4 Nf5 10. Be3 Be7 11. Nc3 O-O 12. Na4 Qc7 13. Be2 b5 14. Nc5 Bxc5 15.
bxc5 Bd7 16. O-O Na5 17. Bd2 Nc4 18. Bxc4 bxc4 19. Bb4 Rfe8 20. Rb1 a5 21. Bc3
Rab8 22. Qd2 a4 23. Rb4 Rxb4 24. Bxb4 Ne7 25. Qc2 Nc6 26. Bd2 Na5 27. Ng5 g6
28. Rb1 Nb3 29. Bc3 Bc6 30. Qe2 Qe7 31. Nf3 f6 32. exf6 Qxf6 33. Ne5 Bb5 34.
Rd1 Qd8 35. Qg4 Bd7 36. c6 Bc8 37. Bb4 Qc7 38. h4 Qg7 39. Re1 h5 40. Qf4 Kh7
41. Re3 Ba6 42. Nf3 Nc1 43. Ng5+ Kg8 44. Nxe6 Qa7 45. Qe5 Nd3 46. Qxd5 Nxb4 47.
axb4 Qb6 48. Ng5+ 1-0

[Event "Sonderjysk EMT Basis 2 2012"]
[Site "Sonderborg"]
[Date "2012.03.20"]
[Round "7"]
[White "Kristensen, Karl Martin"]
[Black "Pedersen, Michael"]
[Result "0-1"]
[WhiteElo "1425"]
[BlackElo "1259"]
[PlyCount "66"]
[EventDate "2012.??.??"]

1. c4 b6 2. Nc3 Bb7 3. e4 e5 4. d3 Bc5 5. Nf3 d6 6. a3 a5 7. Bg5 f6 8. Bh4 Ne7
9. Qd2 Nbc6 10. h3 Qd7 11. Be2 a4 12. Nh2 O-O 13. g4 Nd4 14. Bd1 Nec6 15. Nf3
Nxf3+ 16. Bxf3 Nd4 17. Bd1 c6 18. f3 b5 19. Bf2 Ne6 20. b4 axb3 21. Bxb3 Bxf2+
22. Qxf2 b4 23. Na4 Qc7 24. c5 d5 25. O-O Nf4 26. Qa2 Kh8 27. Kh2 Nxd3 28. exd5
cxd5 29. Kg1 Nxc5 30. Nxc5 Qxc5+ 31. Kg2 e4 32. Qe2 Ba6 33. axb4 Bxe2 0-1

[Event "Sonderjysk EMT Basis 2 2012"]
[Site "Sonderborg"]
[Date "2012.03.20"]
[Round "7"]
[White "Petersen, Arne"]
[Black "Helms, Morten"]
[Result "1/2-1/2"]
[WhiteElo "1206"]
[BlackElo "1454"]
[PlyCount "120"]
[EventDate "2012.??.??"]

1. d4 e6 2. c4 d5 3. Nc3 Nf6 4. g3 c6 5. cxd5 exd5 6. a3 Bf5 7. Bg2 Bd6 8. Nf3
h6 9. O-O Qc7 10. Re1 Nbd7 11. Nd2 O-O 12. e4 dxe4 13. Ndxe4 Rfe8 14. Nxf6+
Nxf6 15. Bd2 Qd7 16. d5 c5 17. Qc1 Kh7 18. Rxe8 Rxe8 19. Bf4 b6 20. Qd2 Qe7 21.
Bxd6 Qxd6 22. Nb5 Qd7 23. a4 Ne4 24. Qf4 Nf6 25. Qd6 Rd8 26. Qxd7 Rxd7 27. Nc3
a6 28. Re1 Kg8 29. f4 Kf8 30. Bf3 Rd6 31. Kg2 g5 32. fxg5 hxg5 33. Kf2 g4 34.
Bg2 Bd7 35. Re5 b5 36. axb5 axb5 37. Ke3 b4 38. Ne2 Ra6 39. Kd2 Bb5 40. Nc1 Bc4
41. b3 Bb5 42. h3 gxh3 43. Bxh3 Rd6 44. Bg2 Ng4 45. Rg5 Bd7 46. Bf3 Nf6 47. Ke3
Bb5 48. Kf4 c4 49. Ke5 Ra6 50. Be2 cxb3 51. Bxb5 Ra5 52. Nxb3 Rxb5 53. Kxf6
Rb6+ 54. Kf5 Ke7 55. Rh5 Rf6+ 56. Ke4 Rg6 57. Rh3 Kd6 58. Nd2 Rg4+ 59. Kf5 Rd4
60. Nf3 Rxd5+ 1/2-1/2

[Event "Sonderjysk EMT Basis 2 2012"]
[Site "Sonderborg"]
[Date "2012.03.20"]
[Round "7"]
[White "Toft, Bjarne Christian"]
[Black "Jessen, Morten"]
[Result "0-1"]
[WhiteElo "1002"]
[BlackElo "1277"]
[PlyCount "39"]
[EventDate "2012.??.??"]

1. e4 c5 2. c4 d6 3. Nf3 Nf6 4. d3 g6 5. Bd2 Bg7 6. h3 O-O 7. Be2 Nc6 8. O-O
Bd7 9. a3 a5 10. Nc3 Qc8 11. Ng5 Nd4 12. Bf3 h6 13. Nxf7 Rxf7 14. Re1 Bxh3 15.
gxh3 Qxh3 16. Bg2 Qh4 17. Re3 Nh5 18. Be1 Raf8 19. f3 Qg5 20. Ra2 0-1